000 00361nam a2200133Ia 4500
008 240624s9999 xx 000 0 und d
041 _aeng
082 _a020 MOH
100 _aMOHANTY RASMITA
245 _aPROCEEDING OF NATIONAL CONFERENCE ON DIG
260 _c2014
_aMumbai
_bAllied Publishers Pvt Ltd
300 _ax, : 189 : p. : cm. ; 23
365 _cRS
_b32
999 _c23408
_d23408